000 00617nam a2200193 a 4500
001 000038200
003 DO-SdBNP
005 20221101093526.0
007 ta
008 110614s2011 dr a 000 0 spa d
020 _a9945851993
040 _aDO-SdBNP
_bspa
_cBNPHU
082 4 _222
111 2 _aConcurso de arte Eduardo León Jimenes
_d(2010:14 octubre, 9 de enero 2011
_cSanto Domingo
_n23: )
_964568
245 1 0 _aConcurso de arte Eduardo León Jimenes.
260 _aSantiago de los Caballeros, República Dominicana :
_bCentro León,
_c2011.
300 _a119 p. :
_bil., retrs. ;
_c31 cm.
942 _2ddc
_cLBS1
999 _c37690
_d37690